| 000 | 02007nam a2200565 i 4500 | ||
|---|---|---|---|
| 001 | 30288 | ||
| 003 | KOSZ 005 | ||
| 005 | 20240405063049.0 | ||
| 008 | 970510s1994 pl a f |000 0 pol | ||
| 015 | _aUWD 1995/1867 | ||
| 020 | _a8385949941 | ||
| 035 | _a991000016479705066 | ||
| 035 | _a(PL-WaBN)b10016600-48omnis_nlop | ||
| 035 | _ab10016600 | ||
| 035 | _a(OCoLC)833959919 | ||
| 035 | _a(PL)b0000001001660 | ||
| 035 | _a(EXLNZ-48OMNIS_NETWORK)9910150724405606 | ||
| 040 |
_aWA N _cWA N _dKOSZ 005/EG |
||
| 041 | _apol | ||
| 080 | _a556.5 | ||
| 080 | _a504.4 | ||
| 080 | _a(438) | ||
| 100 | 1 |
_aJanecki, Bolesław _eAutor |
|
| 245 | 1 | 0 |
_aStan czystości wód jeziora Pile na podstawie badań wykonanych w latach 1977-1994 / _caut. Bolesław Janecki, Teresa Próchnicka ; [Państwowa Inspekcja Ochrony Środowiska. Wojewódzki Inspektorat Ochrony Środowiska w Koszalinie]. |
| 260 |
_aKoszalin : _bPIOŚ. WIOŚ, _c1994. |
||
| 300 |
_a48 s. : _bfot. kolor., 3 mapy, wykr. ; _c23 cm. |
||
| 336 |
_aTekst _btxt _2rdacontent |
||
| 337 |
_aBez urządzenia pośredniczącego _bn _2rdamedia |
||
| 338 |
_aWolumin _bnc _2rdacarrier |
||
| 380 | _aKsiążki | ||
| 388 | 1 | _a1901-2000 | |
| 388 | 1 | _a1989-2000 | |
| 490 | 1 | _aBiblioteka Monitoringu Środowiska | |
| 504 | _aBibliogr. s. 48. | ||
| 648 | 7 |
_a1901-2000 _2DBN |
|
| 648 | 7 |
_a1945-1989 _2DBN |
|
| 648 | 7 |
_a1989-2000 _2DBN |
|
| 650 | 7 |
_aJeziora _2DBN |
|
| 650 | 7 |
_aDegradacja środowiska _2DBN |
|
| 650 | 7 |
_aMikrobiologia _2DBN |
|
| 651 | 7 |
_aPolska _2DBN |
|
| 651 | 7 |
_aPile (jezioro) _2DBN |
|
| 658 | _aOchrona środowiska | ||
| 700 | 1 |
_aPróchnicka, Teresa _eAutor |
|
| 710 | 2 |
_aPaństwowa Inspekcja Ochrony Środowiska _4pbl |
|
| 830 | 0 | _aBiblioteka Monitoringu Środowiska | |
| 856 |
_uhttp://koha.tu.koszalin.pl/cgi-bin/koha/opac-detail.pl?biblionumber=30288 _yKatalog online BPK |
||
| 942 |
_2UKD _cKS |
||
| 999 |
_c30288 _d30288 |
||